000 00512nam a2200181 a 4500
005 20140310183531.0
008 110819s19uu xx 00 eng d
020 _a9781848606180
050 _aLB 2371
_b.W387 2010
100 _aWellington, Jerry
245 _aMaking supervision work for you :
_bA student's guide /
_cJerry Wellington.
260 _aLos Angeles :
_bSage,
_c2010.
300 _a164 p. :
_bill. ;
_c25 cm.
521 _aBSBA
650 _aLeadership
942 _cBK
_2lcc
_kFOR
999 _c24615
_d24615